[Event "AUTO-OPEN-3180"]
[Site "http://www.queenalice.com/game.php?id=1253691"]
[Date "2014.2.3"]
[Round "1"]
[White "Pater"]
[Black "Rusty"]
[Result "0-1"]
[WhiteElo "2423"]
[BlackElo "2444"]

1. e4 e5 2. f4 exf4 3. Nf3 Be7 4. Nc3 Bh4+ 5. Ke2 d5 6. d3 Bg4 7. Bxf4 g5 8. Bd2
Bxf3+ 9. gxf3 d4 10. Nb5 Qd7 11. c4 a6 12. Na3 Nc6 13. Rg1 Qd6 14. Bxg5 Bxg5 15.
Rxg5 Qxh2+ 16. Rg2 Qd6 17. Nc2 Nge7 18. b4 Ng6 19. Ke1 Nf4 20. Rg4 h5 0-1

[Event "AUTO-ELITE-1302"]
[Site "http://www.queenalice.com/game.php?id=1265230"]
[Date "2014.3.15"]
[Round "1"]
[White "Rusty"]
[Black "Donidon"]
[Result "1-0"]
[WhiteElo "2493"]
[BlackElo "2457"]

1. d4 Nf6 2. Nf3 d5 3. e3 e6 4. Bd3 c5 5. c3 Nc6 6. Nbd2 Bd6 7. e4 dxe4 8. Nxe4
Nxe4 9. Bxe4 cxd4 10. Nxd4 Nxd4 11. Qxd4 O-O 12. Be3 Qc7 13. Rd1 Be7 14. Bf4 Qa5
15. Qc4 e5 16. Rd5 Be6 17. Rxa5 Bxc4 18. Be3 Rab8 19. Rxa7 Ba6 20. b3 f5 21.
Bd5+ Kh8 22. Bb6 e4 23. a4 Rfd8 24. Bxd8 Bxd8 25. b4 Bb6 26. Rxa6 bxa6 27. Ke2
Bc7 28. Rb1 g6 29. h3 Kg7 30. f3 exf3+ 31. Bxf3 a5 32. Kd3 Kf6 33. Kc4 Bd6 34.
b5 Bc7 35. Kc5 Rb6 36. Bc6 Rb8 37. b6 Be5 38. c4 Bc3 39. b7 Bb4+ 40. Rxb4 axb4
41. Kxb4 Ke7 42. Kc5 g5 43. a5 Kd8 44. Kb6 g4 45. a6 1-0

[Event "AUTO-ELITE-1302"]
[Site "http://www.queenalice.com/game.php?id=1265231"]
[Date "2014.3.15"]
[Round "1"]
[White "Donidon"]
[Black "Rusty"]
[Result "0-1"]
[WhiteElo "2426"]
[BlackElo "2486"]

1. e4 e5 2. Nf3 Nf6 3. d4 Nxe4 4. dxe5 d5 5. exd6 Bxd6 6. Bc4 O-O 7. O-O Bg4 8.
h3 Nxf2 9. Qe2 Nxh3+ 10. gxh3 Bxh3 11. Re1 Nc6 12. Qe4 Bg3 13. Bd3 g6 14. Bh6
Bf5 15. Qe2 Nd4 16. Nxd4 Qxd4+ 17. Be3 Qh4 18. Bxf5 Bxe1 19. Bd3 Rae8 20. Qf3
Re6 21. Nc3 Rfe8 22. Ne4 Rxe4 23. Bxe4 Rxe4 24. Kf1 Re6 25. Ke2 Rf6 26. Qg2 Ba5
27. Rh1 Qc4+ 28. Kd1 Qxa2 29. c3 Qb1+ 30. Bc1 Rd6+ 31. Ke2 Qc2+ 0-1

[Event "Challenge"]
[Site "http://www.queenalice.com/game.php?id=1273120"]
[Date "2014.4.14"]
[Round "-"]
[White "Rusty"]
[Black "Rutty"]
[Result "1-0"]
[WhiteElo "2474"]
[BlackElo "2096"]

1. d4 d5 2. Nf3 Nf6 3. e3 Bg4 4. c4 c6 5. Qb3 Qb6 6. Ne5 Qxb3 7. axb3 e6 8. Bd3
Bd6 9. Nxg4 Nxg4 10. c5 Bc7 11. f3 Nf6 12. Nc3 Nbd7 13. b4 O-O 14. Kf2 b5 15.
Bd2 a5 16. Bxb5 cxb5 17. Nxb5 Bd8 18. bxa5 Ra6 19. b4 Nb8 20. Nd6 Be7 21. b5
Bxd6 22. cxd6 Ra8 23. a6 Nfd7 24. a7 Nb6 25. axb8=B Rfxb8 26. Ba5 Nd7 27. Bc7
Rxa1 28. Rxa1 Rc8 29. b6 Nb8 30. Bxb8 Rxb8 31. b7 Rxb7 32. Ra8+ 1-0

[Event "Challenge"]
[Site "http://www.queenalice.com/game.php?id=1273121"]
[Date "2014.4.14"]
[Round "-"]
[White "Rutty"]
[Black "Rusty"]
[Result "0-1"]
[WhiteElo "2065"]
[BlackElo "2473"]

1. e4 e5 2. Nf3 Nf6 3. Nc3 Nc6 4. Bb5 Nd4 5. Ba4 c6 6. Nxe5 d6 7. Nf3 Bg4 8. d3
d5 9. exd5 Nxd5 10. Be3 Bxf3 11. gxf3 Nxe3 12. Qe2 Nxe2 0-1

[Event "AUTO-ELITE-1302"]
[Site "http://www.queenalice.com/game.php?id=1302636"]
[Date "2014.8.19"]
[Round "2"]
[White "Rusty"]
[Black "FabioDavid"]
[Result "0-1"]
[WhiteElo "2503"]
[BlackElo "2482"]

1. d4 d5 2. Nf3 e6 3. e3 Nf6 4. Bd3 c5 5. c3 Nc6 6. Nbd2 Bd6 7. O-O c4 8. Bc2
O-O 9. Qe2 e5 10. Nxe5 Bxe5 0-1

[Event "Let's Play Chess!"]
[Site "http://www.queenalice.com/game.php?id=1433398"]
[Date "2016.7.28"]
[Round "-"]
[White "igorjava"]
[Black "Rusty"]
[Result "0-1"]
[WhiteElo "1887"]
[BlackElo "2481"]

1. e4 e5 2. f4 exf4 3. Nf3 Be7 4. Bc4 Bh4+ 5. Ke2 d5 6. Bxd5 Bg4 7. d3 Nf6 8.
Bb3 O-O 9. Bxf4 Re8 10. Nc3 Nc6 11. Kf1 Nd4 12. h3 Bxf3 13. gxf3 Nh5 14. Bh2 Qd7
15. Kg2 Nxb3 16. axb3 Re6 17. f4 Rg6+ 18. Kf1 Qxh3+ 19. Ke2 Rg2+ 0-1

[Event "Challenge"]
[Site "http://www.queenalice.com/game.php?id=1433522"]
[Date "2016.7.28"]
[Round "-"]
[White "Rusty"]
[Black "Rutty"]
[Result "1-0"]
[WhiteElo "2482"]
[BlackElo "2103"]

1. d4 d5 2. Nf3 Nf6 3. e3 Bf5 4. c4 e6 5. Nc3 Bb4 6. Qa4+ Nc6 7. Ne5 Bxc3+ 8.
bxc3 O-O 9. Nxc6 bxc6 10. Qxc6 Rb8 11. f3 Rb6 12. Qa4 Qb8 13. Kf2 c6 14. Ba3 Rc8
15. c5 Rb1 16. Ba6 Rxh1 17. Rxh1 Rc7 18. Re1 h6 19. Bb4 Qe8 20. Re2 g5 21. Ba5
Re7 22. Rb2 e5 23. dxe5 Nd7 24. Qxc6 Re6 25. Qc8 Nxe5 26. Qxe8+ Rxe8 27. Rb7 Nc6
28. Bb4 Bc8 29. Rc7 Bxa6 30. Rxc6 Bc4 31. Rxh6 Kg7 32. Rd6 Rc8 33. a4 a6 34. c6
Bb3 35. Ba5 Bxa4 36. c7 Bb5 37. Rd8 1-0

[Event "AUTO-ELITE-1715"]
[Site "http://www.queenalice.com/game.php?id=1434088"]
[Date "2016.8.1"]
[Round "1"]
[White "Rusty"]
[Black "WeirdGoblin"]
[Result "1-0"]
[WhiteElo "2492"]
[BlackElo "2298"]

1. d4 Nf6 2. Nf3 g6 3. e3 Bg7 4. Be2 c5 5. O-O O-O 6. d5 d6 7. c4 Na6 8. Nc3 Nc7
9. e4 a6 10. a4 a5 11. h3 Na6 12. Bf4 Nd7 13. Qd2 Nb4 14. Bh6 Nf6 15. b3 Nh5 16.
Bxg7 Kxg7 17. Rae1 Bd7 18. e5 dxe5 19. Nxe5 Nf6 20. Bd3 Ne8 21. Qe3 Rc8 22. Bb1
Rc7 23. Nxd7 Rxd7 24. Qxc5 b6 25. Qe3 Nd6 26. f4 Na6 27. f5 Nc5 28. Ne2 Qc7 29.
fxg6 hxg6 30. Nd4 Nxb3 31. Rxf7+ Kxf7 32. Qh6 1-0

[Event "AUTO-ELITE-1715"]
[Site "http://www.queenalice.com/game.php?id=1434089"]
[Date "2016.8.1"]
[Round "1"]
[White "WeirdGoblin"]
[Black "Rusty"]
[Result "1/2-1/2"]
[WhiteElo "2292"]
[BlackElo "2496"]

1. d4 Nf6 2. c4 e5 3. dxe5 Ng4 4. Bf4 Nc6 5. Nf3 Bc5 6. e3 Qe7 7. Nc3 Ngxe5 8.
Nxe5 Nxe5 9. Qh5 d6 10. Nd5 Bg4 11. Qxg4 Nxg4 12. Nxe7 Kxe7 13. Bd3 Ne5 14. Bxe5
dxe5 15. a3 a5 16. Ke2 g6 17. Rab1 f5 18. Rhd1 Rhd8 19. Bc2 Kf6 20. h4 Be7 21.
Rxd8 Rxd8 22. Rd1 Rxd1 23. Bxd1 e4 24. Kd2 Ke6 25. g3 c6 26. Be2 Bf6 27. Kc2 a4
28. Kc1 Bd8 29. Kd1 Ba5 30. Bf1 Bd8 31. Be2 Bf6 32. Kc1 Kd6 33. Bd1 b5 1/2-1/2

[Event "AUTO-ELITE-1715"]
[Site "http://www.queenalice.com/game.php?id=1434090"]
[Date "2016.8.1"]
[Round "1"]
[White "Rusty"]
[Black "BEBADO"]
[Result "1-0"]
[WhiteElo "2487"]
[BlackElo "2253"]

1. d4 Nf6 2. Nf3 c5 3. d5 b5 4. Bg5 Ne4 5. Bh4 Bb7 6. a4 b4 7. Qd3 f5 8. Nbd2
Ba6 9. Qe3 Nxd2 10. Nxd2 Qb6 11. Nb3 d6 12. Qe6 c4 13. a5 Qd8 14. Nd4 Bc8 15.
Qe3 1-0

[Event "AUTO-ELITE-1715"]
[Site "http://www.queenalice.com/game.php?id=1434091"]
[Date "2016.8.1"]
[Round "1"]
[White "BEBADO"]
[Black "Rusty"]
[Result "0-1"]
[WhiteElo "2276"]
[BlackElo "2483"]

1. e4 e5 2. Nf3 Nf6 3. d4 Nxe4 4. dxe5 d5 5. exd6 Bxd6 6. Bd3 Nc5 7. Be2 O-O 8.
O-O Nc6 9. Nc3 a6 10. Be3 Re8 11. Re1 Bf5 12. Bg5 Qd7 13. Qd2 Ne6 14. Be3 Rad8
15. Rad1 Nb4 16. Bd3 Nxd3 17. cxd3 Bg4 0-1

[Event "Challenge"]
[Site "http://www.queenalice.com/game.php?id=1437433"]
[Date "2016.8.23"]
[Round "-"]
[White "Rusty"]
[Black "Rutty"]
[Result "1-0"]
[WhiteElo "2492"]
[BlackElo "2151"]

1. d4 d5 2. Nf3 Nf6 3. e3 Bg4 4. c4 e6 5. Nc3 c5 6. cxd5 Bxf3 7. Qxf3 cxd4 8.
Bb5+ Nbd7 9. dxe6 fxe6 10. exd4 Bb4 11. Qxb7 O-O 12. O-O Nb6 13. Be3 Rf7 14. Qc6
Bd6 15. Ne4 Nxe4 16. Qxe4 Qf6 17. Bd3 g6 18. Rac1 Nd5 19. Bc4 Raf8 20. Bxd5 exd5
21. Qxd5 Bb8 22. Qg5 Qd6 23. g3 Rf5 24. Qg4 h5 25. Qe2 Qf6 26. Qc4+ Kh7 27. Qc6
Qe7 28. Rc5 h4 29. Rxf5 Rxf5 30. Re1 hxg3 31. hxg3 g5 32. Kg2 Rf6 33. Bxg5 1-0

[Event "Challenge"]
[Site "http://www.queenalice.com/game.php?id=1437434"]
[Date "2016.8.23"]
[Round "-"]
[White "Rutty"]
[Black "Rusty"]
[Result "0-1"]
[WhiteElo "2172"]
[BlackElo "2490"]

1. e4 e5 2. Nf3 Nf6 3. Nc3 d6 4. d4 exd4 5. Nxd4 Be7 6. Bc4 O-O 7. O-O c6 8. Bg5
Nxe4 9. Bxe7 Qxe7 10. Nxe4 Qxe4 11. Re1 Qf4 12. Bb3 Bd7 13. Re7 Qf6 14. Re4 Na6
15. Re3 Nc5 16. Bc4 d5 17. Be2 Rfe8 18. Rf3 Qh4 19. Nf5 Bxf5 20. Rxf5 Qe4 21.
Bg4 Na4 22. b3 Nc3 23. Qd3 Qxg4 24. f3 Qg6 25. g4 Ne2+ 26. Kf2 Qd6 27. Rh5 g6
28. Rh3 Nf4 29. Qxg6+ fxg6 0-1

[Event "Challenge"]
[Site "http://www.queenalice.com/game.php?id=1443954"]
[Date "2016.10.3"]
[Round "-"]
[White "Rusty"]
[Black "Rutty"]
[Result "1-0"]
[WhiteElo "2494"]
[BlackElo "2149"]

1. d4 d5 2. Nf3 Nf6 3. e3 g6 4. Be2 Bg7 5. b3 O-O 6. Bb2 Be6 7. Nc3 c6 8. Ne5
Nbd7 9. Qd2 Nxe5 10. dxe5 Ne4 11. Nxe4 dxe4 12. Qb4 Qc7 13. Qxe4 Bf5 14. Qf4
Bxc2 15. Qc4 Bf5 16. f4 Be6 17. Qc3 f6 18. Bc4 Bxc4 19. Qxc4+ Kh8 20. exf6 Bxf6
21. O-O-O Rad8 22. g4 b5 23. Qc2 c5 24. h4 Rxd1+ 25. Rxd1 Rd8 26. Bxf6+ exf6 27.
Rxd8+ Qxd8 28. Qxc5 a6 29. g5 Kg8 30. Kc2 f5 31. h5 Qa8 32. h6 Qe4+ 33. Kd2 Qg2+
34. Kc3 Qxa2 35. Qe7 Qa1+ 36. Kb4 Qe1+ 37. Kc5 Qc3+ 38. Kb6 1-0

[Event "Challenge"]
[Site "http://www.queenalice.com/game.php?id=1443955"]
[Date "2016.10.3"]
[Round "-"]
[White "Rutty"]
[Black "Rusty"]
[Result "0-1"]
[WhiteElo "2138"]
[BlackElo "2493"]

1. e4 e5 2. Nf3 Nf6 3. Nc3 Nc6 4. Bb5 Nd4 5. Nxd4 exd4 6. Ne2 Nxe4 7. Nxd4 Bc5
8. c3 Bxd4 9. cxd4 O-O 10. O-O Qh4 11. d3 Nd6 12. Ba4 b5 13. Bb3 a5 14. Bd5 c6
15. Bf3 Qxd4 16. Qc2 Nf5 17. Re1 Qf6 18. Be3 Nxe3 19. fxe3 d5 20. e4 dxe4 21.
Bxe4 Bd7 22. Rf1 Qg5 23. Rf3 Rac8 24. Rg3 Qe5 25. Rf1 f5 0-1

[Event "AUTO-ELITE-1715"]
[Site "http://www.queenalice.com/game.php?id=1451919"]
[Date "2016.11.25"]
[Round "2"]
[White "FabioDavid"]
[Black "Rusty"]
[Result "1/2-1/2"]
[WhiteElo "2541"]
[BlackElo "2504"]

1. b3 e5 2. Bb2 Nc6 3. e3 d5 4. Bb5 Bd6 5. f4 f6 6. fxe5 fxe5 7. Nf3 Bg4 8. h3
Bxf3 9. Qxf3 Nf6 10. Nc3 a6 11. Bxc6+ bxc6 12. O-O-O O-O 1/2-1/2